Elements Plants Need to Grow (Minerals/Nutrients) - Statistics

General Stats
  • This quiz has been taken 227 times
  • The average score is 12 of 17
Answer Stats
Element % Correct
oxygen
97%
carbon
94%
nitrogen
91%
hydrogen
85%
iron
80%
potassium
79%
calcium
76%
magnesium
76%
phosphorus
73%
chlorine
67%
sulfur
67%
copper
65%
boron
54%
zinc
54%
manganese
50%
nickel
34%
molybdenum
19%
No matching quizzes found
Score Distribution
Percent of People with Each Score
Percentile by Number Answered
Your Score History
You have not taken this quiz